Railway Stations in Great Britain Starting with T - Statistics

General Stats
  • This quiz has been taken 48 times
  • The average score is 34 of 95
Answer Stats
County Passengers (2024/2025) Station % Correct
Greater London 68,133,826 Tottenham Court Road
94%
Greater London 9,256,456 Tottenham Hale
89%
Somerset 1,615,614 Taunton
83%
Kent 4,048,158 Tonbridge
78%
Devon 508,086 Torquay
78%
Cornwall 1,334,668 Truro
78%
Norfolk 305,618 Thetford
72%
Kent 3,038,690 Tunbridge Wells
72%
Staffordshire 1,240,246 Tamworth
67%
Devon 760,568 Teignmouth
67%
Shropshire 1,177,576 Telford Central
67%
Devon 797,324 Totnes
67%
Wiltshire 904,324 Trowbridge
67%
Buckinghamshire 528,968 Taplow
61%
Devon 682,906 Tiverton Parkway
61%
North Yorkshire 288,024 Thirsk
56%
Highland 36,980 Thurso
56%
West Midlands 358,656 Tipton
56%
Berkshire 1,754,790 Twyford
56%
Pembrokeshire 133,446 Tenby
50%
North Yorkshire 659,792 Thornaby
50%
Devon 300,338 Topsham
50%
Devon 376,492 Torre
50%
Hampshire 216,312 Totton
50%
Greater London 4,972,204 Twickenham
50%
Gwynedd 35,872 Talybont
44%
Greater London 1,717,082 Teddington
44%
Berkshire 464,916 Thatcham
44%
West Sussex 3,307,440 Three Bridges
44%
Rhondda Cynon Taf 112,292 Tonypandy
44%
Greater London 803,666 Tooting
44%
Rhondda Cynon Taf 712,434 Trefforest
44%
Hertfordshire 787,982 Tring
44%
Rhondda Cynon Taf 256,722 Taffs Well
39%
Conwy 2,972 Tal-y-Cafn
39%
Berkshire 390,508 Theale
39%
Suffolk 123,640 Thurston
39%
Berkshire 385,312 Tilehurst
39%
Rhondda Cynon Taf 121,436 Trefforest Estate
39%
South Ayrshire 498,042 Troon
39%
Gwynedd 1,092 Tygwyn
39%
Gwynedd 133,700 Tywyn
39%
Highland 23,284 Tain
33%
Gwynedd 4,988 Talsarnau
33%
Kent 123,724 Thanet Parkway
33%
West Midlands 334,428 The Hawthorns
33%
Greater London 2,432,008 Thornton Heath
33%
Essex 1,110,752 Tilbury Town
33%
Caerphilly 28,360 Tir-Phil
33%
Bridgend 49,950 Tondu
33%
Rhondda Cynon Taf 175,190 Treherbert
33%
Suffolk 57,066 Trimley
33%
Stirling 5,986 Tyndrum Lower
33%
Surrey 149,554 Tattenham Corner
28%
East Renfrewshire 196,424 Thornliebank
28%
Gwynedd 2,490 Tonfanau
28%
Rhondda Cynon Taf 79,222 Ton Pentre
28%
Rhondda Cynon Taf 38,404 Trehafod
28%
Scottish Borders 405,824 Tweedbank
28%
Isle of Anglesey 8,244 Ty Croes
28%
Cardiff 94,494 Ty Glas
28%
Surrey 209,262 Tadworth
22%
Surrey 760,682 Thames Ditton
22%
Hertfordshire 751,174 Theobalds Grove
22%
Dorset 2,312 Thornford
22%
Essex 143,078 Thorpe-le-Soken
22%
West Yorkshire 718,118 Todmorden
22%
Greater Manchester 44,548 Trafford Park
22%
Rhondda Cynon Taf 125,344 Treorchy
22%
Merthyr Tydfil 40,862 Troed-Y-Rhiw
22%
Greater London 2,181,520 Tulse Hill
22%
Greater London 990,634 Turkey Street
22%
West Midlands 243,730 Tyseley
22%
West Midlands 632,172 Tame Bridge Parkway
17%
Kent 181,476 Teynham
17%
South Yorkshire 178,734 Thorne North
17%
South Yorkshire 66,512 Thorne South
17%
Lincolnshire 724 Thornton Abbey
17%
West Midlands 541,526 Tile Hill
17%
Greater London 575,870 Tolworth
17%
Somerset 91,732 Templecombe
11%
Warwickshire 17,778 The Lakes
11%
Essex 667,938 Thorpe Bay
11%
East Sussex 15,482 Three Oaks
11%
Wiltshire 191,224 Tisbury
11%
Derbyshire 89,778 Tutbury and Hatton
11%
Oxfordshire 25,334 Tackley
6%
Merseyside 148,722 Thatto Heath
6%
South Lanarkshire 18,166 Thorntonhall
6%
Lincolnshire 788 Thorpe Culvert
6%
Nottinghamshire 3,204 Thurgarton
6%
South Yorkshire 82,394 Thurnscoe
6%
Lancashire 409,698 Town Green
6%
Highland 2,252 Tulloch
6%
Argyll and Bute 38,888 Taynuilt
0%
No matching quizzes found
Score Distribution
Percent of People with Each Score
Percentile by Number Answered
Your Score History
You have not taken this quiz